000 00903cam a22002772 4500
001 0000019259
005 20151217152150.0
008 101022s xx 000 0 eng d
020 _a0521537360 (pbk)
020 _a0521792462 (hbk)
040 _aKABU
_cKABU
100 1 _aRecanati, Francois.
_@0000178936
245 1 0 _aLiteral meaning /
_cFrancois Recanati.
250 _a1st ed.
260 _aCambridge :
_bC. U. P.,
_c2004.
300 _aviii, 179 p.
650 0 _aSemantcs.
_@0000157777
650 0 _aSemantics (Philosophy)
_@0000178937
650 0 _aPragmatics.
_@0000178867
852 1 _9p3208.70 KES
852 1 _9p2080 KES
852 1 _9p2080 KES
852 1 _9p5460 KES
908 _a101022
950 _@1
999 _c8903
_d8903